000 00403nam a2200169Ia 4500
005 20140405092953.0
008 140130s9999 xx 000 0 und d
050 _aPZ 8.3
_b.F9096Thi 2002
245 _cFresh, Doug
_aThink again
260 _bScholastic,
_c2005
300 _a30 p. :
_bill. ;
_c21 cm.
440 _v1
_931174
521 _aG6
526 _c840
942 _cBK
_2lcc
999 _c41218
_d41218